| 000 | 01171nam a2200229Ia 4500 | ||
|---|---|---|---|
| 001 | 17463 | ||
| 005 | 20260406145237.0 | ||
| 008 | 260306s9999||||xx |||||||||||||| ||und|| | ||
| 041 | _aESP | ||
| 082 |
_a658 _bH44 |
||
| 100 |
_aHernández y Rodríguez, Sergio Jorge _eAUT |
||
| 245 | 0 |
_aAdministración: _bteoría, proceso, áreas funcionales y estrategias para la competitividad |
|
| 260 | _c2012 | ||
| 300 |
_a455 páginas : _c23 cm. |
||
| 650 | _aGEN | ||
| 654 | _aCAN | ||
| 856 |
_uhttps://itmsp.museknowledge.com/UCSP?url=https://www.ebooks7-24.com:443/?il=10915&pg=1 _zVéase además: Administración: pensamiento, procesos estratégicos y administrativos para la era de la inteligencia artificial. Versión digital |
||
| 856 |
_uhttps://0u213vbff-y-https-ebooks7--24-com.itmsp.museknowledge.com/biblioteca.aspx _zVéase además: Base de datos Ebook7-24 |
||
| 856 |
_uhttps://0u20fvbfn-y-https-research-ebsco-com.itmsp.museknowledge.com/c/qxo6us/search _zVéase además: Base de datos EBSCOhost |
||
| 856 |
_uhttps://0u20yvbfp-y-https-www-bibliotechnia-com-mx.itmsp.museknowledge.com/ _zVéase además: Base de datos BiblioTechnia |
||
| 942 |
_cLIB _dJUS _fJUS _2ddc |
||
| 999 |
_c17463 _d17463 |
||